Logo d'équipes League of Legends - Statistiques

Statistiques générales
  • Ce quiz a été pris 21 fois
  • Le résultat moyen est 13 sur 16
Statistiques - réponses
Par images Réponse % Correct
Karmine Corp
100%
G2
94%
T1
94%
Fnatic
89%
Geng
89%
Team Liquid
89%
Vitality
89%
Cloud 9
83%
Fly Quest
83%
HLE
78%
KT Rolster
78%
Dplus
72%
DRX
72%
Weibo Gaming
67%
Anyone's Legend
44%
TES
44%
Aucun quiz correspondant
Distribution des résultats
% des personnes avec chaque résultat
Percentile par nombre de réponses
Votre historique - résultats
Vous n’avez pas pris ce quiz